Statystyki dla Hity Lat 70'tych

Kliknij tutaj aby rozwiązać quiz!

Ogólne statystyki

  • Ten quiz został rozwiązany 703 razy
    (697 od ostatniego zresetowania)
  • Średni wynik to 13 z 60

Statystyki odpowiedzi

Lp.TytułWykonawca% Poprawnych
1Bohemian RhapsodyQueen
97%
9Dancing QueenAbba
81%
23Highway to HellAC/DC
77%
4Stayin AliveBee Gee's
64%
11Stairway to HeavenLed Zeppelin
62%
10No Woman no CryBob Marley i The Wailers
61%
12ImagineJohn Lennon
61%
7Smoke on the WaterDeep Purple
49%
22Hotel CaliforniaEagles
49%
29ParanoidBlack Sabbath
41%
31RoxanneThe Police
40%
18YMCAVillage People
40%
38RocketmanElton John
36%
3One Way or AnotherBlondie
35%
43Comfortably NumbPink Floyd
34%
17I Will SurviveGloria Gaynor
30%
42Ma BakerBoney M.
28%
5Anarchy in UKSex Pistols
28%
41It's a HeartacheBonnie Tyler
22%
56Baba O'RileyThe Who
22%
27SuperstitionStevie Wonder
20%
47More than a FeelingBoston
17%
48Dust in the WindKansas
17%
52I Will Always Love YouDolly Parton
16%
40Rock and Roll all NightKISS
16%
13Blitzkrieg BopRamones
16%
28Free BirdLynyrd Skynyrd
15%
33Black Magic WomanSantana
14%
2Lust for LifeIggy Pop
13%
26Don't Fear the ReaperBlue Oyster Cult
12%
35RoundaboutYes
12%
30I Want you BackJackson 5
11%
8The ModelKraftwerk
11%
44Yes Sir, I Can BoogieBaccara
10%
14American PieDon McLean
10%
55Bridge Over Troubled WaterSimon and Garfunkel
9%
16I Feel LoveDonna Summer
8%
39Because the NightPatti Smith
8%
34Le FreakChic
7%
37The Boys are Back in TownThin Lizzy
7%
21Kung Fu FightingCarl Douglas
6%
54Band on the RunThe Wings
6%
58Can't Get Enough of Your Love, BabeBarry White
5%
25Slow RideFoghat
5%
32Walk on the Wild SideLou Reed
5%
50Tired of Being AloneAl Green
4%
49Yellow RiverChristie
4%
20You Sexy ThingHot Chocolate
4%
57We Are FamilySister Sledge
4%
19Queen of ChinatownAmanda Lear
3%
6Rock LobsterB52's
3%
24The JokerSteve Miller Band
3%
45I Want you to Want meCheap Trick
2%
15That's the Way I Like ItKC and the Sunshine Band
2%
60All the Young DudesMott the Hoople
2%
36Play That Funky MusicWild Cherry
2%
59I Just Want To Be Your EverythingAndy Gibb
1%
51Boogie Oogie OogieTaste of Honey
1%
46Tie a Yellow Ribbon Round the Ole Oak TreeDawn
0%
53Three Times a LadyThe Commodores
0%

Rozkład punktacji

Percentyl według liczby udzielonych odpowiedzi

Procent ludzi z każdym wynikiem

Twoja historia wyników

Nie rozwiązałeś tego quizu od ostatniego zresetowania